Statistiques concernant Joueurs du FIFA 100 de Pelé

Cliquez ici pour prendre le quiz!

Statistiques générales

  • Ce quiz a été pris 121 fois
    (99 depuis la dernière actualisation)
  • Le résultat moyen est 38 sur 125

Statistiques - réponses

PosteSéléctionJoueur% Correct
DéfenseurBrésilCarlos Alberto
99%
AttaquantBrésilRonaldo
83%
Milieu de terrainFranceZinédine Zidane
81%
AttaquantAllemagneGerd Müller
77%
Milieu de terrainArgentineDiego Maradona
71%
Milieu de terrainFranceMichel Platini
71%
AttaquantFranceThierry Henry
70%
Milieu de terrain / attaquantBrésilRonaldinho
65%
DéfenseurAllemagneFranz Beckenbauer
64%
AttaquantPays-BasJohan Cruyff
64%
Gardien de butAllemagneOliver Kahn
61%
Milieu de terrainPays-BasRuud Gullit
60%
Gardien de butItalieGianluigi Buffon
58%
DéfenseurItaliePaolo Maldini
57%
AttaquantGhanaAbedi Pelé
55%
Milieu de terrainFranceDidier Deschamps
55%
AttaquantHongrieFerenc Puskás
54%
Milieu de terrainAllemagneLothar Matthäus
54%
AttaquantBrésilPelé
53%
Milieu de terrainIrlande du NordGeorge Best
52%
DéfenseurFranceMarcel Desailly
52%
AttaquantPays-BasMarco van Basten
52%
DéfenseurBrésilRoberto Carlos
52%
AttaquantLiberiaGeorge Weah
49%
AttaquantFranceDavid Trezeguet
48%
Milieu de terrainAngleterreBobby Charlton
47%
AttaquantFranceJust Fontaine
47%
AttaquantUkraineAndriy Chevtchenko
46%
Milieu de terrainFrancePatrick Vieira
46%
Milieu de terrainFranceRaymond Kopa
45%
DéfenseurItalieFranco Baresi
43%
Gardien de butDanemarkPeter Schmeichel
43%
Milieu de terrainPortugalLuís Figo
42%
Milieu de terrainBrésilRivaldo
42%
DéfenseurItalieAlessandro Nesta
41%
DéfenseurFranceLilian Thuram
41%
AttaquantAngleterreMichael Owen
41%
Milieu de terrainRépublique d'IrlandeRoy Keane
41%
DéfenseurBrésilCafu
40%
Attaquant / milieu de terrainItalieRoberto Baggio
40%
Milieu de terrainAngleterreDavid Beckham
39%
AttaquantMexiqueHugo Sánchez
39%
AttaquantFranceJean-Pierre Papin
37%
DéfenseurFranceMarius Trésor
37%
Milieu de terrainBrésilSócrates
37%
AttaquantArgentineAlfredo Di Stéfano
36%
Milieu de terrain / défenseurPays-BasFrank Rijkaard
36%
Milieu de terrainRoumanieGheorghe Hagi
36%
AttaquantEspagneRaúl
36%
AttaquantPays-BasRuud van Nistelrooy
36%
Milieu de terrain / attaquantBrésilZico
36%
AttaquantDanemarkBrian Laudrup
34%
AttaquantCroatieDavor Šuker
34%
Milieu de terrainDanemarkMichael Laudrup
34%
Milieu de terrainTchéquiePavel Nedvěd
34%
AttaquantCamerounRoger Milla
34%
AttaquantBrésilRomário
34%
AttaquantArgentineHernán Crespo
33%
Milieu de terrainAllemagneMichael Ballack
33%
AttaquantÉcosseKenny Dalglish
31%
AttaquantPays-BasDennis Bergkamp
30%
Gardien de butItalieDino Zoff
30%
Attaquant / milieu de terrainItalieFrancesco Totti
30%
AttaquantAngleterreAlan Shearer
29%
AttaquantItalieAlessandro Del Piero
29%
Milieu de terrainPays-BasClarence Seedorf
29%
Milieu de terrainNigeriaJay-Jay Okocha
29%
AttaquantEspagneEmilio Butragueño
27%
AttaquantFranceÉric Cantona
27%
AttaquantArgentineGabriel Batistuta
27%
Milieu de terrainJaponHidetoshi Nakata
27%
DéfenseurCorée du SudHong Myung-bo
27%
Milieu de terrainFranceRobert Pirès
25%
Défenseur / milieu de terrainArgentineJavier Zanetti
24%
Milieu de terrainArgentineJuan Sebastián Verón
23%
AttaquantAllemagneKarl-Heinz Rummenigge
23%
AttaquantItaliePaolo Rossi
23%
AttaquantItalieChristian Vieri
22%
Gardien de butAngleterreGordon Banks
22%
AttaquantPays-BasPatrick Kluivert
20%
Milieu de terrainPays-BasEdgar Davids
19%
AttaquantAngleterreGary Lineker
19%
AttaquantArgentineMario Kempes
19%
Milieu de terrainPortugalRui Costa
19%
Milieu de terrainColombieCarlos Valderrama
18%
AttaquantAllemagneJürgen Klinsmann
18%
Gardien de butAllemagneSepp Maier
16%
AttaquantAngleterreKevin Keegan
13%
Milieu de terrainEspagneLuis Enrique
13%
AttaquantBulgarieHristo Stoitchkov
12%
Gardien de butBelgiqueJean-Marie Pfaff
11%
Milieu de terrainAllemagnePaul Breitner
11%
DéfenseurArgentineDaniel Passarella
10%
DéfenseurBrésilDjalma Santos
10%
Milieu de terrainBrésilFalcão
10%
DéfenseurBrésilNílton Santos
10%
Milieu de terrainBrésilRivelino
10%
AttaquantSénégalEl-Hadji Diouf
8%
DéfenseurItalieGiacinto Facchetti
8%
Milieu de terrainItalieGianni Rivera
8%
AttaquantAllemagneUwe Seeler
8%
Milieu de terrainPologneZbigniew Boniek
8%
AttaquantUruguayEnzo Francescoli
7%
AttaquantChiliIván Zamorano
7%
Milieu de terrainTchéquieJosef Masopust
7%
Gardien de butTurquieRüştü Reçber
7%
Milieu de terrainPays-BasJohan Neeskens
6%
Milieu de terrainBrésilJúnior
6%
AttaquantArgentineOmar Sívori
6%
AttaquantPérouTeófilo Cubillas
6%
Milieu de terrainBelgiqueFranky Van der Elst
5%
AttaquantItalieGiampiero Boniperti
5%
DéfenseurItalieGiuseppe Bergomi
5%
Milieu de terrainBelgiqueJan Ceulemans
5%
AttaquantÉtats-UnisMia Hamm
5%
Milieu de terrainÉtats-UnisMichelle Akers
5%
Milieu de terrainPays-BasRené van de Kerkhof
5%
AttaquantPays-BasRob Rensenbrink
5%
Milieu de terrainPays-BasWilly van de Kerkhof
5%
DéfenseurChiliElías Figueroa
4%
Milieu de terrainTurquieEmre Belözoğlu
4%
AttaquantArgentineJavier Saviola
4%
Gardien de butRussieRinat Dasaev
4%
AttaquantParaguayRomerito
4%
AttaquantPortugalEusébio (mort le 5 janvier 2014)
2%

Distribution des résultats

Percentile par nombre de réponses

% des personnes avec chaque résultat

Votre développement - résultats

Vous n’avez pas pris ce quiz depuis la dernière actualisation